Macroeconomía (Registro nro. 362)
[ vista simple ]
| 000 -LEADER | |
|---|---|
| fixed length control field | 01937 a2200229 4500 |
| 001 - CONTROL NUMBER | |
| control field | 3777 |
| 005 - DATE AND TIME OF LATEST TRANSACTION | |
| control field | 20260407155430.0 |
| 008 - FIXED-LENGTH DATA ELEMENTS--GENERAL INFORMATION | |
| fixed length control field | 260407a2001 arg spa d |
| 003 - CONTROL NUMBER IDENTIFIER | |
| control field | AR-UNSa-BCEJYS |
| 040 ## - CATALOGING SOURCE | |
| Original cataloging agency | AR-UNSa-BCEJYS |
| Language of cataloging | spa |
| Transcribing agency | AR-UNSa-BCEJYS |
| 080 ## - UNIVERSAL DECIMAL CLASSIFICATION NUMBER | |
| Universal Decimal Classification number | 330.101.541 |
| Common auxiliary subdivision | Macroeconomía |
| 020 ## - INTERNATIONAL STANDARD BOOK NUMBER | |
| International Standard Book Number | 987-9460-27-8 |
| 100 1# - MAIN ENTRY--PERSONAL NAME | |
| Personal name | Pérez Enrri, Daniel |
| 245 10 - TITLE STATEMENT | |
| Title | Macroeconomía |
| Name of part/section of a work | Guía de ejercicios y aplicaciones |
| 264 #1 - PRODUCTION, PUBLICATION, DISTRIBUTION, MANUFACTURE, AND COPYRIGHT NOTICE | |
| Place of production, publication, distribution, manufacture | Buenos Aires : |
| Name of producer, publisher, distributor, manufacturer | Pearson Education |
| Date of production, publication, distribution, manufacture, or copyright notice | 2001 |
| 300 ## - PHYSICAL DESCRIPTION | |
| Extent | 218 p. |
| Dimensions | 25 cm. |
| 505 ## - FORMATTED CONTENTS NOTE | |
| Formatted contents note | 1. Una gira por el mundo - 2. Una gira por el libro - 3. El mercado de bienes - 4. Los mercados financieros - 5. Los mercados de bienes y financieros: el modelo IS-LM - 6. Las expectativas: los instrumentos básicos - 7. Las expectativas, el consumo y la inversión - 8. Los mercados financieros y las expectativas - 9. Las expectativas, la política macreconómica y la producción - 10. La apertura de los mercados de bienes y financieros - 11. El mercado de bienes en una economía abierta - 12. La producción, el tipo de interés y el tipo de cambio - 13. Las expectativas, las variaciones de los tipos de cambio y las crisis de los tipos de cambio - 14. El mercado de trabajo - 15. Análisis conjunto de todos los mercados - 16. La curva de Phillips - 17. La inflación, la desinflación y el desempleo - 18. La inflación, los tipos de interés y los tipos de cambio - 19. Patología I: un elevado desempleo - 20. Patalogía II: una elevada inflación - 21. Los hechos del crecimiento - 22. Algunos tópicos sobre el crecimiento y el desarrollo - 23. La convertibilidad y el patrón oro. Teorías, aplicaciones y debates - 24. La política monetaria - 25. El sector público y la política fiscal |
| 590 ## - LOCAL NOTE (RLIN) | |
| Local note | niveau_biblio:m niveau_hierar:0 |
| 700 1# - ADDED ENTRY--PERSONAL NAME | |
| Personal name | Milani, Ana María |
| 856 41 - ELECTRONIC LOCATION AND ACCESS | |
| Uniform Resource Identifier | <a href="https://biblioeco.unsa.edu.ar/pmb/images/libros/Macroeconomia-l86577.jpg">https://biblioeco.unsa.edu.ar/pmb/images/libros/Macroeconomia-l86577.jpg</a> |
| Link text | Imagen de portada |
| Electronic format type | image/jpeg |
| 942 ## - ADDED ENTRY ELEMENTS (KOHA) | |
| Koha item type | |
| Withdrawn status | Lost status | Damaged status | Not for loan | Home library | Current library | Shelving location | Date acquired | Total checkouts | Full call number | Barcode | Date last seen | Price effective from | Koha item type |
|---|---|---|---|---|---|---|---|---|---|---|---|---|---|
| Biblioteca Prof. Eusebio Cleto del Rey | Biblioteca Prof. Eusebio Cleto del Rey | 07/04/2026 | 330.101.541 P438g | L86575 | 07/04/2026 | 07/04/2026 | Libro | ||||||
| Biblioteca Prof. Eusebio Cleto del Rey | Biblioteca Prof. Eusebio Cleto del Rey | 07/04/2026 | 330.101.541 P438g | L86577 | 07/04/2026 | 07/04/2026 | Libro | ||||||
| Biblioteca Prof. Eusebio Cleto del Rey | Biblioteca Prof. Eusebio Cleto del Rey | 07/04/2026 | 330.101.541 P438g | L127438 | 07/04/2026 | 07/04/2026 | Libro |